| 000 | 01707nam a2200421 i 4500 | ||
|---|---|---|---|
| 001 | 195230 | ||
| 003 | SpMaBN | ||
| 005 | 20250825112759.0 | ||
| 008 | 230129s2022 sp a | |||| 000 0 spa | ||
| 015 | _aMON22 | ||
| 017 |
_aSE 506-2022 _bOficina Depósito Legal Sevilla |
||
| 020 | _a9788418239496 | ||
| 040 |
_aSpMaBN _bspa _cSpMaBN _erda _dES-MaACL |
||
| 080 | _a176 | ||
| 100 |
_aValero Heredia, Ana _9236796 _eaut |
||
| 245 | 1 | 3 |
_aLa libertad de la pornografía / _cAna Valero Heredia ; prólogo de Erika Lust. |
| 250 | _aPrimera edición: marzo, 2022 | ||
| 264 | 1 |
_a[Sevilla] : _bAthenaica Ediciones, _c[2022]. |
|
| 264 | 4 | _c©2022 | |
| 300 |
_a202 páginas : _bfotografías (blanco y negro) ; _c21 cm. |
||
| 336 |
_aTexto _2rdacontent |
||
| 337 |
_asin mediación _2rdamedia |
||
| 338 |
_avolumen _2rdacarrier |
||
| 490 | 1 | _aEnsayo (Athenaica) | |
| 500 | _aUn ensayo pionero en español que entra de lleno en el debate actual de la pornografía y analiza la libertad referida a la sexualidad y su exhibición desde un punto de vista cultural, moral, legal y feminista. | ||
| 504 | _aBibliografía: página 193-202 | ||
| 650 | 0 |
_aPornografía _2embne _9236797 |
|
| 650 | 7 |
_aDerecho _2embne _911602 |
|
| 655 | 0 |
_aEnsayos _9176636 |
|
| 700 |
_aErika Lust, _d1977- _eaui _9236798 |
||
| 830 |
_aEnsayo (Athenaica) _9239833 |
||
| 852 |
_aES-MaACL _jN-8890 _xEncuadernación rústica con solapas _cDEPOJ _hDonación: Editorial _9204775 |
||
| 942 |
_cMONOGRAFIA _n0 |
||
| 999 |
_c195230 _d195230 |
||